000 00669nam a2200241Ia 4500
003 OSt
005 20221005115413.0
006 a|||||r|||| 00| 0
007 ta
008 221004b |||||||| |||| 00| 0 eng d
024 _a26524
037 _cTextual
040 _aCRL
_cCRL
_beng
041 _2eng
_aeng
082 _a12:22:M0, G8 (RR)
100 _aPoleman H I comp
_9627473
245 0 _aCensus of Indic manusripts in the United States and Canada
260 _c1928
490 _aAmerican oriental series, 12
650 _aTHEORY OF KNOWLEDGE
942 _h12:22:M0, G8 (RR)
_cTEXL
_2cc
999 _c1034709
_d1034709